Strategies for successful writing : A rhetoric, research guide, and reader

This best-selling text combines three books-a rhetoric, a research guide, and reader-into one convenient and flexible teaching tool while offering students an exceptional value. Also available in an alternate versionwith a Handbook section.

Saved in:
Bibliographic Details
Main Author: Reinking, James A.
Format: Book
Language:Undetermined
Published: Upper Saddle River, N.J. Pearson Prentice Hall 2005
Subjects:
Tags: Add Tag
No Tags, Be the first to tag this record!
Institutions: Trung tâm Học liệu Trường Đại học Cần Thơ
LEADER 00978nam a2200217Ia 4500
001 CTU_180165
008 210402s9999 xx 000 0 und d
082 |a 808.0427 
082 |b R372 
100 |a Reinking, James A. 
245 0 |a Strategies for successful writing : 
245 2 |b A rhetoric, research guide, and reader 
245 0 |c James A. Reinking, Robert von der Osten 
260 |a Upper Saddle River, N.J. 
260 |b Pearson Prentice Hall 
260 |c 2005 
520 |a This best-selling text combines three books-a rhetoric, a research guide, and reader-into one convenient and flexible teaching tool while offering students an exceptional value. Also available in an alternate versionwith a Handbook section. 
650 |a English language,English language,Ngôn ngữ Anh,Ngôn ngữ Anh 
650 |x Rhetoric,Grammar,Tu từ,Ngữ pháp 
904 |i Phuong, Kiều Trang, Giang 
980 |a Trung tâm Học liệu Trường Đại học Cần Thơ